000 00934nam a2200289 i 4500
001 110664
003 ES-MaACL
005 20250812022438.0
007 t|
008 070116s1960 sp ||||1| spa d
080 _a913.8
080 _a7(38)
245 0 0 _aGrecia /
_cDoré Ogrizek; prefacio de Jean Cocteau; textos de Jacques de Lacretelle...[et al.]; ilustraciones de Beuville...[et al.].
250 _a1ª ed.
260 _aMadrid :
_bCastilla,
_c1960.
300 _a446 p. :
_bil. col. y n., map. ;
_c18 cm.
490 1 _aEl mundo en color ;
_v20
650 7 _aArte griego
_2embne
_910221
651 _aGrecia-
_xDescripción.
_98776
700 1 _aOgrizek, Doré.
_986581
700 1 _aCocteau, Jean,
_d1889-1963
_939410
700 1 _aLacretelle, Jacques de.
_969403
700 1 _aBeuville.
_9185630
830 0 _aEl mundo en color ;
_v20
_9185631
852 _aES-MaACL
_jE-3771
999 _c110664
_d110664